| Registos Bibliográficos associados ao registo de autoridade |
|
Etiqueta de registo: 00254nam 2200025 450 001 2285589 003 http://id.bnportugal.gov.pt/bib/catbnp/2285589 010 ## $a978-989-9275-72-0 021 ## $aPT$b557396/25 100 ## $a20250430d2025 m y0pory01030103ba 101 1# $apor$ceng 102 ## $aPT 105 ## $ay z 001yy 106 ## $ar 200 1# $aHistórias do teatro$fTobin Nellhaus... [et al.]$ged. Tobin Nellhaus$gtrad. Alda Rodrigues, Telmo Rodrigues$gpref. Marvin Carlson 205 ## $a1ª ed 210 #9 $aPorto$cEmpilhadora,$d2025 215 ## $a714, [2]$d24 cm 701 #1 $aNellhaus,$bTobin$4070$31997418 702 #1 $93$aRodrigues,$bAlda$4730$3112120 702 #1 $aRodrigues,$bTelmo$4730$31437846 702 #1 $aCarlson,$bMarvin,$f1935-$4080$3663577 801 #0 $aPT$bBN$gRPC 966 ## $lBN$mFGMON$x1 966 ## $lBN$mFGMON$x1 971 ## $casantos$d20260430
|
|
|